00598nam a2200181Ia 4500008004100000020001500041041001200056082001600068100001800084245006300102260002500165300000800190650000700198700001800205942000700223999001500230952017100245221030s9999 xx 000 0 und d a0074622994 aEnglish a105.23bNag aI. J. Nagrath 0aPower System Engineerringcby I. J. Nagrath, D. P. Kothari bTMHaNew Delhic2000 a838 aEE aD. P. Kothari cBK c7107d7107 pBE 3185g205.00l0o105.23 Nagr2024-06-13 00:00:00w2022-10-30yBK003Print4070aMIETLIBbMIETLIBcBL-Academic Block A, FL-1, CUP-34, SH-3, R-3d2001-02-2310HBE